| 000 | 00645nam a22001937a 4500 | ||
|---|---|---|---|
| 999 |
_c1754 _d1754 |
||
| 003 | URS | ||
| 005 | 20220114141843.0 | ||
| 008 | 191114s2003 ph a|||| |||| 00| 0 eng d | ||
| 020 | _a9714203929 | ||
| 040 |
_cURS _beng _drda |
||
| 050 | 1 | 4 |
_aP 95 _b.S7421 2003 |
| 100 | _aMary Padilla | ||
| 245 | 1 | 0 |
_aSpeech for effective communication _bMely M. Padilla, Ligaya C. Bicombong, Hilaria P. Dato-on, Ma. Anniedith B. Rosario, Leticia L. Sabornido |
| 260 |
_aBulacan: _bTrinitas Publishing Incorporation, _c]2003] |
||
| 300 |
_aii, 232 pages _bwith illustrations _c27cm |
||
| 504 | _aIncludes Index | ||
| 650 | _aSpeech communication | ||
| 942 |
_cF _2lcc |
||